000 00706nam a2200217 a 4500
999 _c7277
_d7277
001 7277
003 BD-JhCC
005 20180207122756.0
008 171021s1991 bg a|||| ||a| 000 0 ben d
035 _a(BD-JhCC) 7277
040 _aBD-JhCC
_dBD-JhCC
041 _aben
082 _a954.9205
_bMUK 1991
100 _aমুকুল, এম আর আখতার
245 _aজয় বাংলা (ফল অব ঢাকা ১৯৭১) /
_c এম আর আখতার মুকুল
260 _aঢাকা:
_bসাগর পাবলিশার্স,
_c1991.
300 _a205 p .:
_c22 cm.
650 _aHistory of War
_zBangladesh
942 _2ddc
_cBK